Poznatky z auditu účetních závěrek

Štandardy Komory audítorov ČR a zákon o audítoroch č.542/1992 Sb. Predmet auditu: účtovná závierka, výročná správa, zverejňované údaje z účtovnej závierky, vedenie účtovníctva. Postupy pri audite: zodpovednosť účtovnej jednotky a audítora, audítorská správa a výrok audítora, dopis vedeniu účtovnej j...

Descrizione completa

Salvato in:
Dettagli Bibliografici
Autore principale: Beneš, L.
Natura: Capitolo di libro
Lingua:ceco
Soggetti:
Tags: Aggiungi Tag
Nessun Tag, puoi essere il primo ad aggiungerne!!

MARC

LEADER 00000naa a2200000 4500
001 r024869
005 20221208131533.9
041 0 |a cze 
044 |a CZ 
245 1 0 |a Poznatky z auditu účetních závěrek  |c L. Beneš 
520 |a Štandardy Komory audítorov ČR a zákon o audítoroch č.542/1992 Sb. Predmet auditu: účtovná závierka, výročná správa, zverejňované údaje z účtovnej závierky, vedenie účtovníctva. Postupy pri audite: zodpovednosť účtovnej jednotky a audítora, audítorská správa a výrok audítora, dopis vedeniu účtovnej jednotky, spis audítora, postupy získavania dôkazových informácií, štatutárny a medzinárodný audit. 
610 2 0 |a audítorstvo 
610 2 0 |a závierka účtovná 
610 2 0 |a Česko 
610 2 0 |a 1993 
610 2 0 |a smernice 
610 2 0 |a zákony 
610 2 0 |a správy výročné 
610 2 0 |a účtovníctvo 
100 1 |a Beneš, L.